Niall Horan Filmography - Statistics

General Stats
  • This quiz has been taken 179 times
    10 since last reset
  • The average score is 5 of 54
Answer Stats
Type Year Name % Correct
Concert Film 2013 One Direction: This Is Us
67%
TV Show 2023-Present The Voice
67%
TV Show 2017, 2018 The Voice (Australia)
67%
TV Show 2012 The X Factor
67%
TV Show 2010, 2014 The X Factor UK
67%
TV Show 2012 iCarly
56%
Concert Film 2014 One Direction: Where We Are - The Concert Film
33%
TV Documentary 2022 Homecoming: The Road to Mullingar
11%
Documentary 2023 Louis Tomlinson: All of Those Voices
11%
TV Show 2017 The Voice Kids
11%
Documentary 2012 Up All Night: The Live Tour
11%
TV Mini-Series 2013 1D Day
0%
TV Show 2013, 2016 A League of Their Own
0%
TV Show 2013, 2014 Ant & Dec's Saturday Night Takeaway
0%
TV Show 2011 Chris Moyles Quiz Night
0%
Commercial 2015 Coca-Cola
0%
TV Special 2013 Comic Relief
0%
TV Show 2014 Dynamo: Magician Impossible
0%
TV Documentary 2015 Harry Styles: My World
0%
Documentary 2023 Harry Styles: The Finishing Touch
0%
Commercial 2016 Honda Civic
0%
TV Special 2016, 2023 iHeartRadio Jingle Ball
0%
Web Special 2021 Jonas Brothers Family Roast
0%
Documentary 2023 Lewis Capaldi: How I'm Feeling Now
0%
TV Special 2012 London 2012 Olympic Closing Ceremony: A Symphony of British Music
0%
TV Show 2017 Michael McIntyre's Big Show
0%
TV Special 2020 Niall Horan: Live at the Royal Albert Hall
0%
Documentary 2012 One Direction: All for One
0%
Documentary 2012 One Direction: All the Way to the Top
0%
TV Documentary 2011 One Direction: A Year in the Making
0%
Documentary Mini-Series 2012 One Direction: Bring Me to 1D
0%
Documentary 2013 One Direction: From the Bottom to the Top
0%
Documentary 2013 One Direction: Life on Stage
0%
TV Special 2012 One Direction: My First Time
0%
Short TV Documentary 2013 One Direction: Off the Charts
0%
TV Documentary 2012 One Direction: Our Story So Far
0%
Documentary 2013 One Direction: Reaching for the Stars
0%
Documentary 2013 One Direction: Reaching for the Stars 2
0%
Documentary 2013 One Direction: Ruling the World
0%
Documentary 2014 One Direction: The Inside Story
0%
Documentary 2012 One Direction: The Invasion
0%
TV Special 2015 One Direction: The London Sessions
0%
Documentary 2012 One Direction: The Only Way Is Up
0%
TV Documentary 2014 One Direction: The TV Special
0%
TV Special 2017 One Love Manchester
0%
Documentary 2017 On the Record: Niall Horan
0%
Commercial 2015 PGA
0%
TV Show 2015 Play to the Whistle
0%
Documentary 2024 Quintessentially Irish
0%
TV Show 2019 Saturday Night Live
0%
TV Show 2014 Sesame Street
0%
TV Show 2019 Strictly Come Dancing
0%
TV Show 2020 The Den
0%
TV Show 2015 Wheel of Fortune
0%
No matching quizzes found
Score Distribution
Percent of People with Each Score
Percentile by Number Answered
Your Score History
You have not taken this quiz since the last reset